[Event "VIE Cup (Women)"]
[Site "Bac Giang"]
[Date "2018.06.04"]
[Round "8"]
[White "Phan, Thao Nguyen"]
[Black "Ngo, Thi Kim Cuong"]
[Result "1/2-1/2"]
[WhiteElo "1561"]
[BlackElo "1995"]
[PlyCount "48"]
[EventDate "2018.05.30"]
[EventType "swiss"]
[EventRounds "9"]
[EventCountry "VIE"]
[SourceTitle "CBM 184 Extra"]
[Source "ChessBase"]
[SourceDate "2018.06.28"]
[SourceVersion "1"]
[SourceVersionDate "2018.06.28"]
[SourceQuality "1"]

1. e4 e6 2. d4 d5 3. Nc3 Bb4 4. e5 c5 5. a3 Bxc3+ 6. bxc3 Ne7 7. Ne2 b6 8. Ng3 Ng6 9. Be3 Ba6 10. Bxa6 Nxa6 11. 0-0 f5 12. exf6 gxf6 13. Qe2 c4 14. Bh6 Qe7 15. f4 f5 16. Nh5 Kf7 17. Rf3 Nc7 18. Re3 Rhg8 19. Re1 Qd6 20. Bg5 a5 21. a4 Qc6 22. Ng3 Rae8 23. Nh5 Rb8 24. Ng3 Rbe8 1/2-1/2

[Event "VIE Cup (Women)"]
[Site "Bac Giang"]
[Date "2018.06.02"]
[Round "5"]
[White "Phan, Thao Nguyen"]
[Black "Vu, My Linh"]
[Result "1-0"]
[WhiteElo "1561"]
[BlackElo "1349"]
[PlyCount "141"]
[EventDate "2018.05.30"]
[EventType "swiss"]
[EventRounds "9"]
[EventCountry "VIE"]
[SourceTitle "CBM 184 Extra"]
[Source "ChessBase"]
[SourceDate "2018.06.28"]
[SourceVersion "1"]
[SourceVersionDate "2018.06.28"]
[SourceQuality "1"]

1. e4 g6 2. d4 Bg7 3. Nf3 d6 4. Bc4 Nf6 5. Nc3 0-0 6. 0-0 Nc6 7. Bg5 h6 8. Bh4 g5 9. Bg3 Bg4 10. Be2 Nh5 11. d5 Nxg3 12. hxg3 Bxf3 13. Bxf3 Ne5 14. Be2 c6 15. f4 Qb6+ 16. Kh1 Ng6 17. Rb1 Bf6 18. Bh5 Kg7 19. Qg4 Rh8 20. Bxg6 fxg6 21. Qe6 gxf4 22. gxf4 Raf8 23. e5 dxe5 24. fxe5 Bg5 25. d6 Qa6 26. Rfd1 c5 27. Qd5 exd6 28. exd6 Rf5 29. Qe4 Bf6 30. Rd5 Rd8 31. Rxf5 gxf5 32. Qxf5 Rxd6 33. Ne4 Qxa2 34. Rf1 Qa6 35. Nxd6 Qxd6 36. Qg4+ Bg5 37. Rd1 Qa6 38. Qf5 Qe2 39. Rd7+ Be7 40. Qd3 Qe1+ 41. Kh2 Qe6 42. Rxb7 Kf8 43. Rxa7 c4 44. Ra8+ Kg7 45. Qg3+ Kh7 46. Kh1 Qd5 47. Ra1 Qh5+ 48. Qh3 Qe5 49. Rf1 Kg7 50. b3 cxb3 51. cxb3 h5 52. Qd3 Kh6 53. Qh3 Kg7 54. Qf3 Bf6 55. Qxf6+ Qxf6 56. Rxf6 Kxf6 57. Kh2 Kf5 58. Kh3 Kg5 59. g3 Kf5 60. Kh4 Kg6 61. b4 Kf5 62. Kxh5 Kf6 63. g4 Kg7 64. b5 Kg8 65. b6 Kf8 66. b7 Kg7 67. b8Q Kf7 68. Qe5 Kg8 69. Qe7 Kh8 70. Kg6 Kg8 71. Qe8# 1-0

[Event "VIE Cup (Women)"]
[Site "Bac Giang"]
[Date "2018.06.02"]
[Round "6"]
[White "Tran, Nhat Phuong"]
[Black "Phan, Thao Nguyen"]
[Result "0-1"]
[WhiteElo "1637"]
[BlackElo "1561"]
[PlyCount "80"]
[EventDate "2018.05.30"]
[EventType "swiss"]
[EventRounds "9"]
[EventCountry "VIE"]
[SourceTitle "CBM 184 Extra"]
[Source "ChessBase"]
[SourceDate "2018.06.28"]
[SourceVersion "1"]
[SourceVersionDate "2018.06.28"]
[SourceQuality "1"]

1. d4 d5 2. Nf3 Nf6 3. Bg5 e6 4. e3 Be7 5. Bd3 0-0 6. Nbd2 Nbd7 7. Ne5 c5 8. c3 Nxe5 9. dxe5 Nd7 10. Bf4 f5 11. Bg3 Qb6 12. Rb1 d4 13. 0-0 dxe3 14. fxe3 Qc7 15. Nf3 c4 16. Be2 b5 17. Nd4 Nxe5 18. Nxb5 Qb6 19. Nd4 Nd3 20. Bxd3 cxd3 21. Qxd3 Bb7 22. Qd2 Rad8 23. Qf2 Be4 24. Rbd1 Rd5 25. c4 Ra5 26. b3 e5 27. Nb5 Bc5 28. Kh1 Bxe3 29. Qb2 f4 30. Qxe5 Bxg2+ 31. Kxg2 Qc6+ 32. Rd5 Rxa2+ 33. Kh1 Re8 34. Qh5 g6 35. Qf3 fxg3 36. hxg3 Qe6 37. g4 Bb6 38. Nc3 Rc2 39. Qd3 Qxg4 40. c5 Qg2# 0-1

[Event "VIE Cup (Women)"]
[Site "Bac Giang"]
[Date "2018.05.30"]
[Round "1"]
[White "Phan, Thao Nguyen"]
[Black "Le, La Tra My"]
[Result "0-1"]
[WhiteElo "1561"]
[BlackElo "1755"]
[PlyCount "106"]
[EventDate "2018.05.30"]
[EventType "swiss"]
[EventRounds "9"]
[EventCountry "VIE"]
[SourceTitle "CBM 184 Extra"]
[Source "ChessBase"]
[SourceDate "2018.06.28"]
[SourceVersion "1"]
[SourceVersionDate "2018.06.28"]
[SourceQuality "1"]

1. e4 e6 2. d4 d5 3. Nc3 dxe4 4. Nxe4 Nc6 5. Nf3 f5 6. Nc3 Nf6 7. Bb5 Bd7 8. 0-0 Bd6 9. d5 Ne5 10. Bxd7+ Qxd7 11. dxe6 Qxe6 12. Nxe5 Qxe5 13. Re1 Ne4 14. g3 0-0-0 15. Nxe4 fxe4 16. Qg4+ Kb8 17. Rxe4 Qc5 18. Qe2 h5 19. Be3 Qf5 20. Ra4 a6 21. h4 Rde8 22. Qd2 Qf3 23. Qd1 Qc6 24. Ra5 Bxg3 25. Rxh5 Bxh4 26. Rxh8 Rxh8 27. Kf1 Bf6 28. Ke2 Bxb2 29. Rb1 Qc4+ 30. Qd3 Qxd3+ 31. cxd3 Bf6 32. Rc1 Re8 33. Kd2 b6 34. Rc4 Kb7 35. Bf4 Re7 36. Be3 c5 37. a4 Rc7 38. Rc1 Be7 39. Rb1 Kc6 40. Rg1 Bf6 41. Rg6 Kd5 42. Rg1 b5 43. axb5 axb5 44. Rc1 b4 45. Kc2 Ra7 46. Kb3 Ra3+ 47. Kc2 b3+ 48. Kd1 Bd4 49. Rb1 Ra1 50. Kc1 b2+ 51. Kc2 Rxb1 52. Kxb1 Bxe3 53. fxe3 g5 0-1

[Event "VIE-ch (Women)"]
[Site "Ho Chi Minh City"]
[Date "2018.04.29"]
[Round "4"]
[White "Phan, Thao Nguyen"]
[Black "Luong, Hoang Tu Linh"]
[Result "1/2-1/2"]
[WhiteElo "1561"]
[BlackElo "1491"]
[PlyCount "191"]
[EventDate "2018.04.27"]
[EventType "swiss"]
[EventRounds "9"]
[EventCountry "VIE"]
[SourceTitle "CBM 184 Extra"]
[Source "ChessBase"]
[SourceDate "2018.06.28"]
[SourceVersion "1"]
[SourceVersionDate "2018.06.28"]
[SourceQuality "1"]

1. e4 c5 2. Nf3 d6 3. d4 cxd4 4. Nxd4 Nf6 5. Nc3 a6 6. Be3 e6 7. Be2 Be7 8. 0-0 0-0 9. Qd2 b5 10. f3 Bb7 11. Bd3 Nc6 12. Qf2 Qc7 13. a4 bxa4 14. Nxa4 Ne5 15. Nb3 Nfd7 16. Qg3 Rfe8 17. Bd4 Bf6 18. f4 Ng6 19. Bxf6 Nxf6 20. Rae1 Rac8 21. h4 Qd8 22. Qf2 Ng4 23. Qg3 Qxh4 24. Qxh4 Nxh4 25. Nb6 Rc7 26. Nc4 Rd8 27. Nba5 Nf6 28. Nxb7 Rxb7 29. Ra1 d5 30. exd5 exd5 31. Ne5 Rxb2 32. Rxa6 Ng6 33. Nc6 Re8 34. Rfa1 Nxf4 35. Ra8 Nxd3 36. Rxe8+ Nxe8 37. Ra8 Kf8 38. cxd3 Re2 39. Rd8 Re6 40. Nb4 Rd6 41. Rc8 Ke7 42. Kf2 f5 43. Ke3 Nf6 44. Rc7+ Rd7 45. Rc8 d4+ 46. Kf4 Nd5+ 47. Nxd5+ Rxd5 48. Rc7+ Kf6 49. Rc6+ Kf7 50. Rc7+ Kg6 51. Rc6+ Kh5 52. Rc7 g5+ 53. Kf3 Re5 54. Rxh7+ Kg6 55. Rd7 Re3+ 56. Kf2 Rxd3 57. Ke2 Re3+ 58. Kf2 Re4 59. Rd6+ Kh5 60. Kf3 g4+ 61. Kf2 f4 62. Rd5+ Kh4 63. Rd7 Re3 64. Rxd4 g3+ 65. Kf1 Kg4 66. Ra4 Rb3 67. Ra1 Rb2 68. Rc1 Rd2 69. Ra1 Kf5 70. Re1 Rc2 71. Ra1 Ke4 72. Re1+ Kd3 73. Rd1+ Rd2 74. Ra1 Kc2 75. Ra2+ Kc1 76. Ra1+ Kb2 77. Ra4 Rf2+ 78. Kg1 Kb3 79. Ra1 Kb2 80. Ra4 Kc3 81. Ra3+ Kb4 82. Ra1 Kc3 83. Ra3+ Kd4 84. Ra4+ Ke3 85. Ra3+ Ke4 86. Ra4+ Kf5 87. Ra5+ Kg4 88. Ra4 Rd2 89. Ra1 Rd4 90. Rb1 f3 91. gxf3+ Kxf3 92. Rb3+ Kg4 93. Rb1 Kh3 94. Rc1 Rd2 95. Rb1 Rg2+ 96. Kh1 1/2-1/2

[Event "VIE-chT (Women)"]
[Site "Ho Chi Minh City"]
[Date "2017.07.29"]
[Round "9.24"]
[White "Vo, Thuy Tien"]
[Black "Phan, Thao Nguyen"]
[Result "0-1"]
[WhiteElo "1903"]
[BlackElo "1571"]
[PlyCount "56"]
[EventDate "2017.07.24"]
[EventType "team-swiss"]
[EventRounds "9"]
[EventCountry "VIE"]
[SourceTitle "EXT 2019"]
[Source "ChessBase"]
[SourceDate "2018.10.10"]
[SourceVersion "1"]
[SourceVersionDate "2018.10.10"]
[SourceQuality "1"]

1. d4 d5 2. c4 e6 3. Nc3 Nf6 4. Bg5 c6 5. e3 Nbd7 6. Nf3 Qa5 7. a3 dxc4 8. Bxc4 Ne4 9. Bf4 Nxc3 10. Qd2 b5 11. Bd3 b4 12. bxc3 bxc3 13. Qc2 Bb7 14. 0-0 c5 15. Ne5 Nxe5 16. Bxe5 f6 17. Bf4 cxd4 18. exd4 Qd5 19. f3 Qxd4+ 20. Kh1 Qxf4 21. Bb5+ Kf7 22. Rad1 Bd6 23. Rxd6 Qxd6 24. Rd1 Qxd1+ 25. Qxd1 Rhd8 26. Qb3 Rac8 27. Bc4 Rxc4 28. Qxb7+ Kf8 0-1

[Event "VIE-chT (Women)"]
[Site "Ho Chi Minh City"]
[Date "2017.07.24"]
[Round "2.12"]
[White "Phan, Thao Nguyen"]
[Black "Ngo, Thi Kim Tuyen"]
[Result "0-1"]
[WhiteElo "1571"]
[BlackElo "1998"]
[PlyCount "74"]
[EventDate "2017.07.24"]
[EventType "team-swiss"]
[EventRounds "9"]
[EventCountry "VIE"]
[SourceTitle "EXT 2019"]
[Source "ChessBase"]
[SourceDate "2018.10.10"]
[SourceVersion "1"]
[SourceVersionDate "2018.10.10"]
[SourceQuality "1"]

1. e4 b6 2. Bc4 e6 3. Nc3 Bb7 4. d3 g6 5. Nf3 Bg7 6. 0-0 Ne7 7. Bd2 Nbc6 8. Qc1 Na5 9. Bb3 Nxb3 10. axb3 h5 11. h3 d5 12. Re1 Qd7 13. exd5 Nxd5 14. Nxd5 Qxd5 15. Bc3 Bxc3 16. bxc3 Qc5 17. Ng5 Qxc3 18. Qf4 0-0 19. Rac1 Rad8 20. Qg3 Rfe8 21. Re3 Qf6 22. Qxc7 Bxg2 23. Nxf7 Rf8 24. Kxg2 Rxf7 25. Qg3 h4 26. Qf3 Qb2 27. Qd1 Rdf8 28. f3 Qf6 29. Kf2 Qf5 30. Qh1 Qg5 31. Qg2 Rxf3+ 32. Rxf3 Qd2+ 33. Kg1 Qxc1+ 34. Rf1 Rxf1+ 35. Qxf1 Qxc2 36. b4 Qc7 37. Kf2 Qf7+ 0-1

[Event "VIE-ch (Women)"]
[Site "Hanoi"]
[Date "2017.04.16"]
[Round "1"]
[White "Phan, Thao Nguyen"]
[Black "Tran, Le Dan Thuy"]
[Result "0-1"]
[WhiteElo "1589"]
[BlackElo "2031"]
[PlyCount "62"]
[EventDate "2017.04.16"]
[EventType "swiss"]
[EventRounds "11"]
[EventCountry "VIE"]
[SourceTitle "CBM 178 Extra"]
[Source "ChessBase"]
[SourceDate "2017.06.22"]
[SourceVersion "1"]
[SourceVersionDate "2017.06.22"]
[SourceQuality "1"]

1. e4 c5 2. Nf3 d6 3. d4 cxd4 4. Nxd4 Nf6 5. Nc3 a6 6. g3 b5 7. a3 Bb7 8. Bg2 e6 9. 0-0 Qc7 10. Be3 Be7 11. Bg5 Nbd7 12. Nf3 Rc8 13. h4 Nb6 14. Kh2 Nc4 15. b3 Nb2 16. Qc1 Qxc3 17. Rb1 Qxc2 18. Qxb2 Qxb2 19. Rxb2 Bxe4 20. a4 h6 21. Be3 Ng4+ 22. Kg1 Nxe3 23. fxe3 Rc3 24. Kf2 0-0 25. axb5 axb5 26. Re1 Rfc8 27. Ree2 d5 28. Nd4 Bd6 29. Red2 Ba3 30. Ra2 Bc1 31. Rd1 Bxe3+ 0-1

[Event "VIE-ch (Women)"]
[Site "Bac Giang"]
[Date "2016.06.23"]
[Round "3"]
[White "Phan, Thao Nguyen"]
[Black "Ngo, Thi Kim Tuyen"]
[Result "0-1"]
[WhiteElo "1589"]
[BlackElo "1998"]
[PlyCount "102"]
[EventDate "2016.06.22"]
[EventType "swiss"]
[EventRounds "9"]
[EventCountry "VIE"]
[SourceTitle "EXT 2017"]
[Source "ChessBase"]
[SourceDate "2016.10.25"]
[SourceVersion "1"]
[SourceVersionDate "2016.10.25"]
[SourceQuality "1"]

1. e4 c5 2. Nf3 d6 3. d4 cxd4 4. Nxd4 Nf6 5. Nc3 a6 6. Be2 e6 7. Be3 Qc7 8. 0-0 b6 9. Bf3 Bb7 10. Re1 Be7 11. Nde2 Nbd7 12. Ng3 Ne5 13. Be2 b5 14. a3 0-0 15. Rc1 Nc4 16. Bxc4 Qxc4 17. Bg5 Qc5 18. Qd2 h6 19. Be3 Qc6 20. f3 Rfd8 21. Nce2 Nd7 22. b3 Ne5 23. Bd4 Ng6 24. c4 Rac8 25. Be3 Qe8 26. Red1 bxc4 27. bxc4 Ne5 28. Qb4 Rd7 29. Qb3 Rdc7 30. h3 Ba8 31. Rd4 Nc6 32. Rd3 Na5 33. Qb6 Nxc4 34. Qxa6 Bb7 35. Qa7 Bxe4 36. Qd4 Bxd3 37. Qxd3 Nxe3 38. Rxc7 Rxc7 39. Qxe3 Qa8 40. Kh2 Ra7 41. Qd4 Ra4 42. Qb2 Bf6 43. Qd2 d5 44. Nh5 Be5+ 45. f4 Bd6 46. Qc3 Bf8 47. Neg3 d4 48. Qd2 Qd5 49. Qd1 Rxa3 50. Qg4 Kh8 51. Nxg7 Rxg3 0-1

[Event "VIE-ch (Women)"]
[Site "Bac Giang"]
[Date "2016.06.22"]
[Round "1"]
[White "Phan, Thao Nguyen"]
[Black "Nguyen, Thi Mai Hung"]
[Result "0-1"]
[WhiteElo "1589"]
[BlackElo "2278"]
[PlyCount "98"]
[EventDate "2016.06.22"]
[EventType "swiss"]
[EventRounds "9"]
[EventCountry "VIE"]
[SourceTitle "EXT 2017"]
[Source "ChessBase"]
[SourceDate "2016.10.25"]
[SourceVersion "1"]
[SourceVersionDate "2016.10.25"]
[SourceQuality "1"]

1. d4 d5 2. c4 c6 3. Nc3 Nf6 4. Nf3 e6 5. cxd5 exd5 6. Bf4 Bf5 7. e3 Qb6 8. Qd2 Ne4 9. Qc1 Bb4 10. Nd2 Nd7 11. a3 Bxc3 12. bxc3 Nxd2 13. Qxd2 Nf6 14. f3 0-0 15. g4 Bg6 16. h4 h5 17. g5 Nd7 18. Bh3 Rad8 19. Kf2 Rfe8 20. Rhg1 c5 21. Ra2 Qc6 22. Bxd7 Rxd7 23. Be5 Kh7 24. Bf4 Re6 25. Raa1 Qc8 26. Rge1 Ra6 27. Rec1 Rd8 28. Be5 Qc6 29. Bf4 Rc8 30. Kg3 Ra4 31. Qb2 Qa6 32. Qb3 c4 33. Qb2 Rc6 34. e4 dxe4 35. fxe4 Bxe4 36. Qe2 Re6 37. Qxh5+ Kg8 38. Qd1 Bd5 39. Ra2 Rxa3 40. Re2 b5 41. Rb2 Qa5 42. Qd2 b4 43. Be5 Re8 44. Rbb1 bxc3 45. Qc2 Ra2 46. Qf5 Rg2+ 47. Kh3 Qa2 48. Ra1 Qb2 49. Rcb1 Rh2+ 0-1

[Event "VIE-ch Resolution (Women) 7th"]
[Site "Bac Giang"]
[Date "2014.12.05"]
[Round "1"]
[White "Nguyen, Thi Diem Huong"]
[Black "Phan, Thao Nguyen"]
[Result "1-0"]
[WhiteElo "2082"]
[BlackElo "1571"]
[PlyCount "103"]
[EventDate "2014.12.05"]
[EventType "swiss"]
[EventRounds "9"]
[EventCountry "VIE"]
[SourceTitle "EXT 2016"]
[Source "ChessBase"]
[SourceDate "2015.10.08"]
[SourceVersion "1"]
[SourceVersionDate "2015.10.08"]
[SourceQuality "1"]

1. d4 Nf6 2. c4 g6 3. Nc3 Bg7 4. g3 d6 5. Bg2 c6 6. Nf3 Bg4 7. 0-0 Qc8 8. Qc2 Na6 9. a3 Nc7 10. e4 0-0 11. Re1 Bxf3 12. Bxf3 Nd7 13. Qd3 Ne6 14. Be3 Rb8 15. Bg4 Nf6 16. Bf3 Nc7 17. e5 dxe5 18. dxe5 Ng4 19. Bxg4 Qxg4 20. Bxa7 Rbd8 21. Qe2 Qf5 22. f4 Ne6 23. Bb6 Rc8 24. Rad1 g5 25. Qe4 Qh3 26. f5 Nd8 27. Bc5 Re8 28. Rd3 e6 29. f6 Bf8 30. Bxf8 Kxf8 31. g4 Qh6 32. Ree3 Qg6 33. Qxg6 fxg6 34. Ne4 Nf7 35. Rd7 Red8 36. Rxb7 Rd1+ 37. Kg2 Rcd8 38. Nc5 R8d2+ 39. Kh3 h5 40. Rb8+ Nd8 41. Rxd8+ Rxd8 42. Nxe6+ Ke8 43. Nxd8 Rxd8 44. e6 Rd4 45. gxh5 gxh5 46. Rb3 Rh4+ 47. Kg2 Rg4+ 48. Kh1 Kd8 49. e7+ Kd7 50. Rd3+ Ke8 51. Rd8+ Kf7 52. e8Q+ 1-0

[Event "VIE-ch (Women)"]
[Site "Da Lat"]
[Date "2014.04.01"]
[Round "10"]
[White "Pham, Thi Thuy Hoa"]
[Black "Phan, Thao Nguyen"]
[Result "1/2-1/2"]
[WhiteElo "1697"]
[BlackElo "1587"]
[PlyCount "128"]
[EventDate "2014.03.26"]
[EventType "swiss"]
[EventRounds "11"]
[EventCountry "VIE"]
[SourceTitle "CBM 159 Extra"]
[Source "ChessBase"]
[SourceDate "2014.04.24"]
[SourceVersion "1"]
[SourceVersionDate "2014.04.24"]
[SourceQuality "1"]

1. e4 c5 2. Nf3 d6 3. d4 cxd4 4. Nxd4 Nf6 5. Nc3 a6 6. Bd3 e6 7. 0-0 Be7 8. h3 b5 9. a3 Bb7 10. Bd2 Nc6 11. Nxc6 Bxc6 12. Qe2 Qc7 13. Rac1 Rd8 14. f3 0-0 15. Na2 Qb7 16. Ba5 Rc8 17. c4 bxc4 18. Bxc4 Bb5 19. Bxb5 Qxb5 20. Qxb5 axb5 21. Nc3 Rb8 22. Rfd1 Rfc8 23. Bb4 Rd8 24. e5 Ne8 25. Ne4 f5 26. Nxd6 Bg5 27. Rc3 Bf4 28. Rcd3 Bxe5 29. Nxe8 Rxd3 30. Rxd3 Rxe8 31. Bc3 Bxc3 32. Rxc3 Rb8 33. Kf2 Kf7 34. Ke3 Rd8 35. Rc5 Rb8 36. Kd4 b4 37. axb4 Rxb4+ 38. Kc3 Rb6 39. b4 Rb7 40. b5 Ke7 41. Kc4 Kd7 42. Rc6 g6 43. Kc5 e5 44. Ra6 Rc7+ 45. Kd5 Rb7 46. b6 e4 47. fxe4 fxe4 48. Kxe4 Kd6 49. Ra7 Rxb6 50. Rxh7 Ke6 51. Kf4 Kf6 52. Rc7 Rb5 53. Kg3 Rb3+ 54. Kh4 Rb4+ 55. g4 Rb6 56. Rc1 Ra6 57. Rf1+ Kg7 58. Kg3 Ra4 59. h4 Kh6 60. Rf8 Ra3+ 61. Rf3 Ra4 62. Rb3 Rc4 63. h5 gxh5 64. Rb6+ Kh7 1/2-1/2

[Event "VIE-chT (Women)"]
[Site "Bac Giang"]
[Date "2013.08.19"]
[Round "9"]
[White "Nguyen, Ha Phuong"]
[Black "Phan, Thao Nguyen"]
[Result "0-1"]
[WhiteElo "2026"]
[BlackElo "1618"]
[PlyCount "56"]
[EventDate "2013.08.14"]
[EventType "team-swiss"]
[EventRounds "11"]
[EventCountry "VIE"]
[SourceTitle "CBM 156 Extra"]
[Source "ChessBase"]
[SourceDate "2013.10.22"]
[SourceVersion "1"]
[SourceVersionDate "2013.10.22"]
[SourceQuality "1"]

1. d4 d5 2. c4 c6 3. Nc3 dxc4 4. e3 b5 5. a4 Qa5 6. Bd2 Qb6 7. b3 b4 8. a5 Qc7 9. Ne4 c3 10. Bc1 Nf6 11. Ng3 e6 12. Bd3 Nbd7 13. N1e2 c5 14. 0-0 Bb7 15. f3 Bd6 16. dxc5 Nxc5 17. Bc2 Rd8 18. Qe1 Ba6 19. Kf2 Bd3 20. Qd1 Bxg3+ 21. hxg3 Bg6 22. Nd4 e5 23. Bxg6 hxg6 24. Nb5 Qb8 25. Qe2 Nd3+ 26. Kg1 Qxb5 27. Qa2 Nh5 28. g4 Ng3 0-1

[Event "VIE-chT (Women)"]
[Site "Bac Giang"]
[Date "2013.08.14"]
[Round "1"]
[White "Ngo, Thi Kim Tuyen"]
[Black "Phan, Thao Nguyen"]
[Result "1-0"]
[WhiteElo "2085"]
[BlackElo "1618"]
[PlyCount "92"]
[EventDate "2013.08.14"]
[EventType "team-swiss"]
[EventRounds "11"]
[EventCountry "VIE"]
[SourceTitle "CBM 156 Extra"]
[Source "ChessBase"]
[SourceDate "2013.10.22"]
[SourceVersion "1"]
[SourceVersionDate "2013.10.22"]
[SourceQuality "1"]

1. d4 d5 2. Nf3 Nf6 3. c4 c6 4. Qc2 dxc4 5. Qxc4 Bf5 6. g3 e6 7. Bg2 Nbd7 8. 0-0 h6 9. Nc3 Bc2 10. e3 Rc8 11. Qe2 Bh7 12. e4 Bb4 13. Nd2 Nb6 14. a3 Be7 15. Nb3 Bg6 16. Be3 h5 17. h4 Ng4 18. Bf4 f6 19. Rad1 Bf7 20. Nc5 Nd7 21. Nxb7 Qb6 22. Nd6+ Bxd6 23. Bxd6 e5 24. Na4 Qb3 25. Qa6 Rd8 26. Qxc6 Bc4 27. Nc5 Qb6 28. Qxb6 axb6 29. Nxd7 Rxd7 30. dxe5 Bxf1 31. Bxf1 Nxe5 32. Bb5 Kf7 33. Bxd7 Nxd7 34. Rc1 Ra8 35. f4 b5 36. Rc7 Ke6 37. Bb4 Rd8 38. Rb7 Rb8 39. f5+ Ke5 40. Rxd7 Kxe4 41. Rxg7 Rd8 42. Kf2 Kxf5 43. Rc7 Kg4 44. Re7 Rd3 45. Be1 Rf3+ 46. Ke2 Rf5 1-0